| 000 | 00571nam a22002177a 4500 | ||
|---|---|---|---|
| 003 | OSt | ||
| 005 | 20210426111525.0 | ||
| 008 | 210127s1995 ||||| |||| 00| 0 eng d | ||
| 020 | _a0789401886 | ||
| 040 |
_aeng _beng _cDLC |
||
| 041 | _aeng | ||
| 080 |
_a008 _bG-38 |
||
| 100 |
_9693 _aGerard-Sharp, Lisa |
||
| 245 |
_aIreland _b: Eyewitness Travel Guides _c/ by: DK Publishing Inc |
||
| 260 |
_aNew York _bDK Publishing Inc _c1995 |
||
| 300 |
_a384 p. _bill. |
||
| 650 | 0 |
_9493 _aCulture |
|
| 653 | _aკულტურა | ||
| 700 |
_9694 _aPerry, Tim |
||
| 942 |
_2udc _cBK |
||
| 999 |
_c959 _d959 |
||